Отражение социально-нравственного феномена любви в истории мировой философской мысли; Известия Томского политехнического университета [Известия ТПУ]; Т. 312, № 6 : Экономика. Философия, социология и культурология

Bibliografiske detaljer
Parent link:Известия Томского политехнического университета [Известия ТПУ]/ Томский политехнический университет (ТПУ).— , 2000-
Т. 312, № 6 : Экономика. Философия, социология и культурология.— 2008.— [С. 172-179]
Hovedforfatter: Брылина И. В. Ирина Владимировна
Summary:Заглавие с титульного листа
Электронная версия печатной публикации
Представлен ретроспективный анализ состояния проблемы пола и любви в историко-философском и культурологическом аспектах (в мифологии, религии, философии). Философские системы от Античности до начала XX в. рассмотрены сквозь призму понимания любви, определения ее места и роли в жизни человека и общества.
Sprog:russisk
Udgivet: 2008
Serier:Философия, социология и культурология
Fag:
Online adgang:http://www.lib.tpu.ru/fulltext/v/Bulletin_TPU/2008/v312/i6/40.pdf
Format: MixedMaterials Electronisk Book Chapter
KOHA link:https://koha.lib.tpu.ru/cgi-bin/koha/opac-detail.pl?biblionumber=173348

MARC

LEADER 00000nla2a2200000 4500
001 173348
005 20240125111112.0
035 |a (RuTPU)RU\TPU\book\188008 
035 |a RU\TPU\book\188007 
090 |a 173348 
100 |a 20091223d2008 k y0rusy50 ca 
101 0 |a rus 
102 |a RU 
135 |a drnn ---uucaa 
181 0 |a i  
182 0 |a b 
200 1 |a Отражение социально-нравственного феномена любви в истории мировой философской мысли  |f И. В. Брылина 
203 |a Текст  |c электронный 
215 |a 1 файл (144 Кб) 
225 1 |a Философия, социология и культурология 
300 |a Заглавие с титульного листа 
300 |a Электронная версия печатной публикации 
320 |a [Библиогр.: с. 178-179 (18 назв.)] 
330 |a Представлен ретроспективный анализ состояния проблемы пола и любви в историко-философском и культурологическом аспектах (в мифологии, религии, философии). Философские системы от Античности до начала XX в. рассмотрены сквозь призму понимания любви, определения ее места и роли в жизни человека и общества. 
337 |a Adobe Reader 
461 1 |0 (RuTPU)RU\TPU\book\176237  |t Известия Томского политехнического университета [Известия ТПУ]  |f Томский политехнический университет (ТПУ)  |d 2000- 
463 1 |0 (RuTPU)RU\TPU\book\187959  |x 1684-8519  |t Т. 312, № 6 : Экономика. Философия, социология и культурология  |v [С. 172-179]  |d 2008  |p 220 с. 
610 1 |a социально-нравственный феномен 
610 1 |a любовь 
610 1 |a история 
610 1 |a мировая философия 
610 1 |a ретроспективный анализ 
610 1 |a историко-философский аспект 
610 1 |a культурологический аспект 
610 1 |a философские системы 
610 1 |a античность 
610 1 |a 20 век 
610 1 |a человек 
610 1 |a общество 
610 1 |a андрогинизм 
610 1 |a труды учёных ТПУ 
610 1 |a электронный ресурс 
700 1 |a Брылина  |b И. В.  |c философ  |c доцент Томского политехнического университета, доктор философских наук  |f 1967-  |g Ирина Владимировна  |3 (RuTPU)RU\TPU\pers\24728  |9 10969 
801 1 |a RU  |b 63413507  |c 20090623  |g PSBO 
801 2 |a RU  |b 63413507  |c 20211207  |g PSBO 
856 4 |u http://www.lib.tpu.ru/fulltext/v/Bulletin_TPU/2008/v312/i6/40.pdf 
942 |c CF